| 000 | 00597nam a2200229 a 4500 | ||
|---|---|---|---|
| 999 |
_c4314 _d4314 |
||
| 001 | 4314 | ||
| 003 | BD-JhCC | ||
| 005 | 20171126192159.0 | ||
| 008 | 171126b19491966e p|||| || | 001 0 eng d | ||
| 035 | _a(BD-JhCC)4314 | ||
| 040 |
_aBD-JhCC _dBD-JhCC |
||
| 041 | _aeng | ||
| 082 |
_a526.8 _bBIR 1966 |
||
| 100 | _aBirch, T. W | ||
| 245 |
_aMaps : _bTooographical and Statistical / _cT. W. Birch |
||
| 250 | _a2nd ed. | ||
| 260 |
_aGreat britain : _bOxford at the Glarendon Press, _cBIR 1966. |
||
| 300 |
_a240. : _bill. ; _c23 cm. |
||
| 650 | _aCartography | ||
| 942 |
_2ddc _cBK |
||